Adabul maqalah (Record no. 933717)

MARC details
000 -LEADER
fixed length control field 00731nam a2200253Ia 4500
003 - CONTROL NUMBER IDENTIFIER
control field OSt
005 - DATE AND TIME OF LATEST TRANSACTION
control field 20221005024928.0
008 - FIXED-LENGTH DATA ELEMENTS--GENERAL INFORMATION
fixed length control field 221004b |||||||| |||| 00| 0 ara d
020 ## - INTERNATIONAL STANDARD BOOK NUMBER
International Standard Book Number 988160256X (pbk)
037 ## - SOURCE OF ACQUISITION
Terms of availability Textual
040 ## - CATALOGING SOURCE
Original cataloging agency CRL
Transcribing agency CRL
Language of cataloging ara
041 ## - LANGUAGE CODE
Source of code ara
Language code of text/sound track or separate title ara
100 ## - MAIN ENTRY--PERSONAL NAME
Personal name Sharf Abdul Azeez Au.
9 (RLIN) 581225
245 #0 - TITLE STATEMENT
Title Adabul maqalah
260 ## - PUBLICATION, DISTRIBUTION, ETC.
Place of publication, distribution, etc. Cairo
Name of publisher, distributor, etc. Longman
Date of publication, distribution, etc. 1997
300 ## - PHYSICAL DESCRIPTION
Extent 178p.
Dimensions cm.
650 ## - SUBJECT ADDED ENTRY--TOPICAL TERM
Topical term or geographic name entry element ARABIC LITERATURE
942 ## - ADDED ENTRY ELEMENTS (KOHA)
Classification part O28:g, N7
Koha item type Textual
Source of classification or shelving scheme
Holdings
Withdrawn status Lost status Damaged status Not for loan Home library Current library Date acquired Source of acquisition Cost, normal purchase price Total Checkouts Full call number Barcode Date last seen Cost, replacement price Price effective from Koha item type
        Central Library Central Library 2022-10-05 389, 23/03/2012, Nadwi Publications 275.00   O28:g N7 CL1549222 2022-10-05 275.00 2022-10-05 Textual
Copyright @ Delhi University Library System